000 00339nam a22001337a 4500
020 _a0-8247-8058-2
082 _a621.38171 MOL'C
100 _aCARTER, FORREST L
_966113
245 _aMOLECULAR ELECTRONIC DEVICES
260 _aNEWYORK
_bMARCEL
_c1952
300 _a386P
650 _aMOLECULAR ELECTRONICS CONGRESSES
_966114
942 _cBK
999 _c574140
_d574140